000
00252nam a2200085Ia 4500
245
0
_a
The big splat, or, How our moon came to be
100
_a
MACKENZIE, Dana Hoboken, NJ, 2003
_9
101196
942
_c
BK
008
210818s9999 xx 000 0 und d
999
_c
437325
_d
437324